| 000 | 04513cam a22012854i 4500 | ||
|---|---|---|---|
| 003 | PE-LiUPU | ||
| 005 | 20250813185407.0 | ||
| 008 | 170821s2016 sp a rb 000 0 spa d | ||
| 020 | _a9788436835656 | ||
| 035 | _a(Sirsi) a238342 | ||
| 040 |
_aPE-LiUPU _bspa _cPE-LiUPU _erda |
||
| 049 | _aPRUA | ||
| 082 | 0 | 4 |
_a372.48 _bL61 _220 |
| 082 | 0 | 4 |
_a372.83 _bL61 _220 |
| 100 | 1 |
_aLiceras Ruiz, Ángel, _eautor. |
|
| 245 | 1 | 0 |
_aDidáctica de las ciencias sociales : _bfundamentos, contextos y propuestas / _cÁngel Liceras Ruiz, Guadalupe Romero Sánchez. |
| 264 | 1 |
_aMadrid : _bEdiciones Pirámide, _c2016. |
|
| 300 |
_a300 páginas : _bilustraciones ; _c24 centímetros. |
||
| 336 |
_atext _2rdacontent |
||
| 337 |
_aunmediated _2rdamedia |
||
| 338 |
_avolume _2rdacarrier |
||
| 490 | 0 | _aPedagogía y didáctica | |
| 504 | _aBibliografía al final de cada capítulo. | ||
| 505 | 0 | _aFundamentos para la enseñanza y el aprendizaje de las ciencias sociales en educación primaria -- Epistemología de las ciencias sociales. características, concepto y ámbito del conocimiento social -- Las ciencias sociales en el currículum. estructura, análisis y práctica -- Enseñar y aprender ciencias sociales en educación primaria. modelo didáctico y estrategias metodológicas -- Las dificultades en la enseñanza y aprendizaje de las ciencias sociales -- Referentes disciplinares y didácticos -- Enseñar y aprender historia en educación primaria -- La geografía, el paisaje y los mapas -- El patrimonio central en la didáctica de las ciencias sociales. enseñar, aprender y sensibilizar -- La disciplina histórica desde la experiencia. un caso aplicable a educación primaria y secundaria -- Las ciencias sociales hoy -- Educación en valores desde las ciencias sociales -- El aprendizaje-servicio como metodología didáctica -- El género en la enseñanza- aprendizaje de las ciencias sociales -- Las TIC y redes 3.0 para la enseñanza de las ciencias sociales. | |
| 526 | _aP202 | ||
| 526 | _aP201 | ||
| 526 | _aP163 | ||
| 526 | _aP162 | ||
| 526 | _aP161 | ||
| 526 | _aP160 | ||
| 526 | _aP148 | ||
| 526 | _aP147 | ||
| 526 | _aP146 | ||
| 526 | _aP145 | ||
| 526 | _aP144 | ||
| 526 | _aP143 | ||
| 526 | _aP142 | ||
| 526 | _aP141 | ||
| 526 | _aP140 | ||
| 526 | _aP139 | ||
| 526 | _aP138 | ||
| 526 | _aP137 | ||
| 526 | _aP136 | ||
| 526 | _aP135 | ||
| 526 | _aP134 | ||
| 526 | _aP133 | ||
| 526 | _aP129 | ||
| 526 | _aP128 | ||
| 526 | _aP127 | ||
| 526 | _aP120 | ||
| 526 | _aP119 | ||
| 526 | _aP118 | ||
| 526 | _aP116 | ||
| 526 | _aP115 | ||
| 526 | _aP114 | ||
| 526 | _aP110 | ||
| 526 | _aP109 | ||
| 526 | _aP108 | ||
| 526 | _aP104 | ||
| 526 | _aP103 | ||
| 526 | _aP102 | ||
| 526 | _aP99 | ||
| 526 | _aP98 | ||
| 526 | _aP97 | ||
| 526 | _aP96 | ||
| 526 | _aP95 | ||
| 526 | _aP93 | ||
| 526 | _aP90 | ||
| 526 | _aP89 | ||
| 526 | _aP88 | ||
| 526 | _aP83 | ||
| 526 | _aP82 | ||
| 526 | _aP62 | ||
| 526 | _aP59 | ||
| 526 | _aP58 | ||
| 526 | _aP57 | ||
| 526 | _aP51 | ||
| 526 | _aP49 | ||
| 526 | _aP48 | ||
| 526 | _aP47 | ||
| 526 | _aP29 | ||
| 526 | _aP24 | ||
| 526 | _aP20 | ||
| 526 | _aP19 | ||
| 526 | _aP17 | ||
| 526 | _aP15 | ||
| 526 | _aP14 | ||
| 526 | _aP12 | ||
| 526 | _aP10 | ||
| 526 | _aP09 | ||
| 526 | _aP08 | ||
| 526 | _aP07 | ||
| 526 | _aP06 | ||
| 526 | _aP05 | ||
| 526 | _aP04 | ||
| 526 | _aP01 | ||
| 541 | _g020-0002982; | ||
| 541 | _g0001-003607; | ||
| 650 | 0 | 4 |
_aCiencias Sociales _xDidáctica. |
| 650 | 0 | 4 |
_aCiencias Sociales _xEstudio y enseñanza. |
| 700 | 1 |
_aRomero Sánchez, Guadalupe, _eautor. |
|
| 910 |
_ctqv _d20170821 |
||
| 910 |
_adbm _bjpc _cjpc _d20180711 |
||
| 942 |
_2ddc _cBOOK |
||
| 949 |
_a372.48 L61 2016 _wDEWEY _c1 _iFJ08552 _lCCODEBUJ1 _mBUJ _p37.00 _r0 _sY _tBOOK _u2017-08-21 _xEDUCACIÓN _PP20 _0COMPRA _o.STAFF. Colección General Juliaca |
||
| 994 |
_aC0 _bPEPRU |
||
| 596 | _a1 3 | ||
| 999 |
_a372.48 L61 2016 _wDEWEY _c25026 _iFJ08552 _f2022-1-18 _g3 _lCCODEBUJ1 _mBUJ _p37.00 _r0 _sY _tBOOK _u2017-8-21 _xEDUCACION _PP14 _0COMPRA _o.STAFF. Colección General Juliaca _d25026 |
||
| 999 |
_a372.48 L61 2016 _wDEWEY _c1 _i79024 _d2019-5-13 _e2019-4-24 _f2021-11-8 _g4 _lCCODEBUL1 _mBUL _n1 _p54.00 _q1 _r0 _sY _tBOOK _u2018-7-11 _xEDUCACION _PP20 _0COMPRA _1FCOMPRA _o.STAFF. Colección Ciencias Humanas y Educación |
||
| 980 |
_81 _gALBERTO SANCHEZ Responsable de Automatización |
||